Football records - Statistics

General Stats
  • This quiz has been taken 51 times
  • The average score is 9 of 40
Answer Stats
Hint Answer % Correct
Scored in 11 consecutive Champions League matches Cristiano Ronaldo
98%
Has won the most trophies in football history Lionel Messi
98%
Youngest goalscorer in EURO history Lamine Yamal
60%
Scored four goals in one UEFA Champions League semi-final match Robert Lewandowski
60%
Only to scored in a Champions League final, a World Cup final, and a Copa América final Ángel Di María
53%
Has the most assists in World Cup history Pelé
51%
Most assists in a single Bundesliga season Thomas Müller
51%
Scored the fastest hat-trick in UEFA Champions League history Mohamed Salah
49%
Holds the record for most goals scored in a single World Cup tournament Just Fontaine
42%
All-time top scorer in AFCON Samuel Eto’o
33%
Most penalty goals in Premier League history Alan Shearer
31%
Has scored the most goals from outside the box in Premier League history Frank Lampard
29%
Scored the winning penalty in the 2006 World Cup final shootout Fabio Grosso
27%
Scored the fastest-ever goal in Premier League history Shane Long
22%
Was transferred for a fee over €40 million three times in their career Álvaro Morata
20%
Most goals in a single European Championship Michel Platini
20%
Was nicknamed “Il Divin Codino” Roberto Baggio
18%
Youngest player to score in UEFA Champions League history Ansu Fati
13%
Scored the most penalties in a single Premier League season Bruno Fernandes
11%
Most career goals from direct free-kicks Juninho Pernambucano
11%
Only player to score in 6 different club competitions in a single calendar year Pedro Rodríguez
11%
First footballer to captain two different clubs in Champions League finals Thiago Silva
11%
Only player to appear in five different decades at international level Kazuyoshi Miura
9%
Scored the fastest goal in UEFA Champions League history Roy Makaay
9%
Most goals scored as a substitute in Premier League history Jermain Defoe
7%
Top scorer in the 1999–2000 UEFA Champions League season Mário Jardel
7%
Has the most own goals in Premier League history Richard Dunne
7%
Only player to have scored a goal in the Premier League, La Liga, Serie A, Ligue 1, and Bundesliga Stevan Jovetić
7%
Received the most yellow cards in World Cup history Cafu
4%
Assisted the most goals in the UEFA Champions League without ever winning it Cesc Fàbregas
4%
Youngest player to ever play in a World Cup match Norman Whiteside
4%
Won the FIFA Puskás Award before ever playing in a top-tier league Wendell Lira
4%
Scored the most goals in the history of the AFC Asian Cup Ali Daei
2%
Fastest goal of the 2014 World Cup Asamoah Gyan
2%
Most goals scored in the AFC Champions League Dejan Damjanović
2%
Most appearances in Copa Libertadores history Everton Ribeiro
2%
Most goals in Copa Sudamericana history Hernán Barcos
2%
Most goals in FIFA U-20 World Cup history Javier Saviola
2%
Oldest player to appear in UEFA Champions League history Marco Ballotta
2%
Most goals in a single Copa del Rey campaign Telmo Zarra
2%
No matching quizzes found
Score Distribution
Percent of People with Each Score
Percentile by Number Answered
Your Score History
You have not taken this quiz